000 00449nam a2200169Ia 4500
008 240729s9999 xx 000 0 und d
022 _a2206-3552
245 0 _aJournal of Bone and Joint Infection
260 _aGermany
260 _bCopernicus Publications
650 _a Orthopedic surgery
650 _a Surgery
650 _aMedicine
856 _uhttps://doaj.org/toc/4313e3a1d4a042e2817e88891267b324
942 _2ddc
942 _cDOAJEJ
999 _c71641
_d71641
945 _a1
_bMadushi Gamage
_c1
_dMadushi Gamage